| 000 | 01625cam a22004814i 4500 | ||
|---|---|---|---|
| 003 | PE-LiUPU | ||
| 005 | 20250731165513.0 | ||
| 008 | 150623s r 000 0 d | ||
| 035 | _a(Sirsi) a24380 | ||
| 035 | _a(Sirsi) a24380 | ||
| 040 |
_aPE-LiUPU _bspa _cPE-LiUPU _erda |
||
| 082 | 0 | 4 |
_a016.22007 _bS61 _221 |
| 100 | 1 |
_aSmith, Wilbur M., _eautor. |
|
| 245 | 1 | 2 |
_aA treasury of books for Bible study / _cWilbur M. Smith. |
| 264 | 1 |
_aGrand Rapids, Michigan : _bBaker Book House, _c1974. |
|
| 300 |
_a289 páginas ; _c20 cm. |
||
| 336 |
_atext _2rdacontent |
||
| 337 |
_aunmediated _2rdamedia |
||
| 338 |
_avolume _2rdacarrier |
||
| 490 | 0 | _aSource Books for Ministers | |
| 505 | 0 | _aA treasury of books for Bible study. | |
| 526 | _aSEG44 | ||
| 526 | _aSEG26 | ||
| 526 | _aP151 | ||
| 526 | _aP150 | ||
| 526 | _aP149 | ||
| 526 | _aP146 | ||
| 526 | _aP145 | ||
| 526 | _aP126 | ||
| 526 | _aP125 | ||
| 526 | _aP92 | ||
| 526 | _aP75 | ||
| 526 | _aP74 | ||
| 526 | _aP27 | ||
| 526 | _aP15 | ||
| 630 | 0 | 4 |
_aBiblia _xEstudio y enseñanza _vBibliografía. |
| 942 |
_2ddc _cBOOK |
||
| 949 |
_aRC 016.22007 S61 _wDEWEY _c1 _i48678 _lRC _mBUL _r0 _sY _tBOOK _u2015-6-24 _xTEOLOGIA _PP35 _0COMPRA _o.CIRCNOTE. No olvidar cambiar la fecha de devolución!!!!!!! _o.STAFF. Colección General |
||
| 994 |
_aC0 _bPEPRU |
||
| 596 | _a1 | ||
| 999 |
_aRC 016.22007 S61 _wDEWEY _c27852 _i48678 _f2021-11-8 _g5 _lCCODEBUL1 _mBUL _r1 _sY _tBOOK _u2015-6-24 _xTEOLOGIA _PP35 _0COMPRA _o.CIRCNOTE. No olvidar cambiar la fecha de devolución!!!!!!! _o.STAFF. Colección General _d27852 |
||
| 980 |
_81 _gALBERTO SANCHEZ Responsable de Automatización |
||